01013cam a2200265 a 4500003001000000005001700010007000300027008004100030040001200071041000800083082002800091100003000119245020500149250001800354300002900372336002700401337003300428338002800461650004400489650003600533650005600569650005600625700003400681700003200715CO-BoRNBP20241001093018.0ta020616s1999 ck r 00110 spa d ala cla0 aspa04a371.911 bS15m 219 ed.1 aSánchez Cantor, Gladys.13aEl maestro de apoyo en el marco de la atención educativa de la población con limitación visual : b(recomendaciones generales) / cGladys Sánchez C., Olga Lucía Ruiz B., Luis Ignacio Maya P. a1a. edición a12 p. : bil. ; c22 cm. 2rdacontentatextobtxt 2rdamediaasin mediaciónbn 2rdacarrieravolumenbnc 7aMaestros de ciegosv Manuales.2BLAAUTO 7aEducación de ciegos.2BLAAUTO 7aEducación de niños con discapacidades.2BLAAUTO 7aEducación de personas con daño visual.2BLAAUTO1 aRuíz Barrero, Olga Lucía.1 aMaya Peña., Luis Ignacio.